|
|
|
|
| LEADER |
00977nam a2200265 u 4500 |
| 001 |
10034180 |
| 003 |
upatras |
| 005 |
20210117195352.0 |
| 008 |
950918s ge ger |
| 020 |
|
|
|a 3528091843
|
| 040 |
|
|
|a GR-PaULI
|c GR-PaULI
|
| 041 |
0 |
|
|a ger
|
| 082 |
0 |
4 |
|a 530.1
|
| 100 |
1 |
|
|a Ludwing, Gunther
|9 4236
|
| 245 |
|
0 |
|a Einfuhrung in die grundlagen der theoretischen physik
|c Gunther Ludwig
|
| 260 |
|
|
|a Braunschweig
|b Friedr. Vieweg & Sohn
|
| 300 |
|
|
|a x, 534 p.: Πανόδετο
|
| 504 |
|
|
|a includes appendix . - bibliography . - index
|
| 505 |
1 |
|
|a Band 4 Makrosysteme, physik und mensch : 1979 / Gunther Ludwig
|
| 650 |
|
4 |
|9 2689
|a Φυσική
|
| 773 |
1 |
|
|t Makrosysteme, physik und mensch Band 4
|
| 852 |
|
|
|a GR-PaULI
|b ΠΑΤΡΑ
|b ΦΥΣΙΚΟ
|k ΑΕΧ-1
|h 530.1 LUD
|m 01024
|
| 942 |
|
|
|2 ddc
|c BK15
|
| 952 |
|
|
|0 0
|1 0
|4 0
|6 530_100000000000000_LUD
|7 0
|9 3332
|a PHYS
|b PHYS
|d 2016-04-24
|i 01024
|l 0
|o 530.1 LUD
|r 2016-04-24 00:00:00
|w 2016-04-24
|y BK15
|
| 999 |
|
|
|c 1804
|d 1804
|